[Event "Galego-ch U14"]
[Site "Viveiro"]
[Date "2016.02.06"]
[Round "1"]
[White "Portela Medrano, Pablo"]
[Black "Rodriguez Ferreiros, Andres"]
[Result "0-1"]
[WhiteElo "1129"]
[BlackElo "1670"]
[PlyCount "110"]
[EventDate "2016.02.06"]
[EventType "swiss"]
[EventRounds "8"]
[EventCountry "ESP"]
[SourceTitle "EXT 2024"]
[Source "ChessBase"]
[SourceDate "2023.10.10"]
[SourceVersion "1"]
[SourceVersionDate "2023.10.10"]
[SourceQuality "1"]

1. e4 e6 2. d4 d5 3. e5 c5 4. Nf3 Nc6 5. Nc3 cxd4 6. Nxd4 Nxe5 7. Bf4 Ng6 8. Be3 Nf6 9. Bd3 a6 10. Bg5 Be7 11. Nf3 Bd7 12. 0-0 0-0 13. Qd2 Qb6 14. Rab1 Bc6 15. Rfe1 Rfd8 16. Ne5 Nxe5 17. Rxe5 Qc7 18. Bxf6 Bxf6 19. Rh5 h6 20. Re1 Qb6 21. b3 Qb4 22. Nb1 Qd6 23. Re3 Bg5 24. Rxg5 hxg5 25. Rg3 Qf4 26. Qe2 Qc1+ 27. Qf1 Qxf1+ 28. Bxf1 f6 29. Bd3 Bb5 30. Bxb5 axb5 31. a3 Rdc8 32. c3 d4 33. h3 dxc3 34. Nxc3 Rxa3 35. Nxb5 Ra1+ 36. Kh2 Rc2 37. Rf3 Raa2 38. Kg3 f5 39. Nd4 f4+ 40. Kg4 Rxf2 41. Kxg5 e5 42. Rxf2 Rxf2 43. Nf3 e4 44. Ne1 Re2 45. Kxf4 Rxe1 46. g4 e3 47. Kf3 Kf7 48. h4 Ke6 49. Ke4 e2 50. Ke3 Rh1 51. Kxe2 Rxh4 52. Kf3 Ke5 53. Kg3 g5 54. Kf3 Rh3+ 55. Kg2 Rxb3 0-1